[Event "ch-CHN w"]
[Site "Wuxi CHN"]
[Date "2006.06.29"]
[Round "5"]
[White "Ju Wenjun"]
[Black "Wang Yu A"]
[Result "1/2-1/2"]
[WhiteElo "2330"]
[BlackElo "2390"]

1.d4 d5 2.Nf3 Nf6 3.c4 c6 4.Nc3 dxc4 5.a4 Bf5 6.e3 e6 7.Bxc4 Bb4 8.O-O Nbd7
9.Qe2 Bg6 10.e4 O-O 11.Bd3 Bh5 12.e5 Nd5 13.Ne4 Be7 14.Be3 c5 15.Ng3 Bg6
16.Bxg6 hxg6 17.a5 cxd4 18.Bxd4 Nb8 19.Rfd1 a6 20.Bb6 Qe8 21.Ne4 Nc6 22.Bd4 Qd8
23.Bb6 Qb8 24.Nc3 Nxb6 25.axb6 Rd8 26.Qe3 Rxd1+ 27.Rxd1 Qf8 28.Rd7 Na5 29.h3 Qe8
30.Rc7 Bd8 31.Ng5 Bxc7 32.bxc7 Qe7 33.Qf4 Qxc7 34.Nce4 f6 35.Nxf6+ gxf6 36.Qxf6 Qg7
37.Qxe6+ Kh8 38.Nf7+ Kh7 39.Ng5+ Kh8 40.Nf7+  1/2-1/2

[Event "II Open"]
[Site "Sort ESP"]
[Date "2006.07.03"]
[Round "8"]
[White "Gupta,Ab"]
[Black "Krivoshey,S"]
[Result "0-1"]
[WhiteElo "2449"]
[BlackElo "2531"]

1.d4 d5 2.c4 c6 3.Nc3 Nf6 4.Nf3 dxc4 5.a4 Bf5 6.Ne5 Na6 7.f3 Nd7 8.Nxc4 e5
9.e4 exd4 10.Qxd4 Nb4 11.Qd1 Be6 12.Bf4 Nc5 13.Bd6 Ncd3+ 14.Bxd3 Bxd6 15.Nxd6+ Qxd6
16.Bb1 Qc5 17.Ne2 Rd8 18.Qc1 Qxc1+ 19.Nxc1 Ke7 20.Ke2 Bc4+ 21.Ke3 Rd7 22.Ra3 Rhd8
23.Rc3 Ba6 24.Nb3 b6 25.a5 c5 26.axb6 axb6 27.Re1 Bd3 28.Nd2 Rd4 29.h4 c4
30.Nf1 b5 31.Rd1 R4d7 32.Bxd3 Nxd3 33.Rc2 Nc5 34.Rxd7+ Rxd7 35.Rd2 Na4 36.Rxd7+ Kxd7
37.Kd4 Nxb2 38.Kc5 Nd3+ 39.Kd4 Kc6 40.Ne3 Nf4 41.Nc2 Nxg2 42.Nb4+ Kd6 43.e5+ Ke6
44.h5 Nf4 45.Na6 Kf5  0-1

[Event "XXXII Open"]
[Site "Badalona ESP"]
[Date "2006.07.04"]
[Round "3"]
[White "Bhat,V"]
[Black "Peralta,Fe"]
[Result "0-1"]
[WhiteElo "2409"]
[BlackElo "2546"]

1.d4 d5 2.c4 c6 3.Nf3 Nf6 4.Nc3 dxc4 5.a4 Bf5 6.Ne5 Nbd7 7.Nxc4 Nb6 8.Ne5 a5
9.g3 e6 10.Bg2 Bb4 11.O-O O-O 12.e3 h6 13.Qe2 Bh7 14.Rd1 Nfd7 15.Nxd7 Nxd7
16.e4 Qe7 17.Be3 Rfd8 18.d5 Bc5 19.dxe6 fxe6 20.Bh3 Bxe3 21.Qxe3 Nc5 22.Qe2 Bg6
23.Rac1 Nb3 24.Rxd8+ Rxd8 25.Rd1 Nd4 26.Qc4 b5 27.axb5 cxb5 28.Qd3 b4 29.Nb5 e5
30.Ra1 Kh7 31.Bg2 Qc5 32.Nxd4 Rxd4 33.Qe2 Rc4 34.b3 Rc1+ 35.Rxc1 Qxc1+ 36.Bf1 a4
37.h4 axb3 38.h5 Bf7 39.Qf3 Kg8  0-1

[Event "35th TCh-GRE"]
[Site "Ermioni GRE"]
[Date "2006.07.04"]
[Round "2"]
[White "Kanakaris,G"]
[Black "Tsangaris,S"]
[Result "1-0"]
[WhiteElo "2119"]
[BlackElo "1902"]

1.d4 d5 2.c4 c6 3.Nf3 Nf6 4.Nc3 dxc4 5.a4 Bf5 6.Ne5 e6 7.f3 Bb4 8.e4 Bg6
9.Bxc4 Nbd7 10.Nd3 Be7 11.O-O Nb6 12.Ne5 Nxc4 13.Nxc4 O-O 14.Be3 h6 15.a5 Bb4
16.Qb3 Qe7 17.Na2 c5 18.Nxb4 cxb4 19.Ra4 Rac8 20.Rxb4 Rc7 21.Bf4 Rd7 22.Bd6 Qd8
23.Bxf8 Qxf8 24.Ne5  1-0

[Event "35th TCh-GRE"]
[Site "Ermioni GRE"]
[Date "2006.07.04"]
[Round "2"]
[White "Topalidis,K"]
[Black "Kounalakis,E"]
[Result "1/2-1/2"]
[WhiteElo "2130"]
[BlackElo "2147"]

1.d4 d5 2.c4 c6 3.Nf3 Nf6 4.Nc3 dxc4 5.a4 Bf5 6.e3 e6 7.Bxc4 Be7 8.O-O O-O
9.Qe2 Ne4 10.Bd3 Nxc3 11.bxc3 Bxd3 12.Qxd3 c5 13.e4 cxd4 14.cxd4 Nc6 15.Rb1 Nb4
16.Qb5 a6 17.Qh5 a5 18.Rd1 Qd7 19.Ra1 Qc6 20.Qg4 f5 21.exf5 exf5 22.Qg3 Rad8
23.Ne5 Qd5 24.Qf3 Nc2 25.Qxd5+ Rxd5 26.Rb1 Rfd8 27.Be3 Nxd4 28.Bxd4 Rxd4
29.Rdc1 Ba3 30.Re1 Bb4 31.Rec1 Bd2 32.Rf1 Bf4 33.Nf3 Rb4 34.g3 Bc7 35.Rfc1 Bb6
36.Rxb4 axb4 37.Rc4 Rd1+ 38.Kg2 Rb1 39.Ne5 h6 40.Nd3 Ba5 41.Rc5 b6 42.Rxf5 Rd1
43.Nb2 Rc1 44.Rb5 Rc3 45.Kf1 Rc1+ 46.Kg2 Rc3 47.Nd1 Ra3 48.Ne3 Rc3 49.Kf1 Kf7
50.Ke2 Ke6 51.f4 Ra3 52.f5+ Kf7 53.Nd5 Rxa4 54.Nxb6 Ra2+ 55.Kf3 Bxb6 56.Rxb6 Rxh2
57.Ke4  1/2-1/2

[Event "34th World Open"]
[Site "Philadelphia USA"]
[Date "2006.07.04"]
[Round "9"]
[White "Cordova,Em"]
[Black "Fressinet,L"]
[Result "1/2-1/2"]
[WhiteElo "2429"]
[BlackElo "2633"]

1.d4 d5 2.Nf3 Nf6 3.c4 c6 4.Nc3 dxc4 5.a4 Bf5 6.Ne5 Nbd7 7.Nxc4 Qc7 8.g3 e5
9.dxe5 Nxe5 10.Bf4 Nfd7 11.Bg2 f6 12.O-O Nc5 13.Bxe5 fxe5 14.e4 Bg6 15.f4 exf4
16.gxf4 Rd8 17.Qe2 Nb3 18.Rad1 Bc5+ 19.Kh1 Nd4 20.Qe3 Bf7 21.Ne5 Bb3 22.Rc1 b6
23.Ne2 Bxa4 24.b4 Bb5 25.bxc5 Nxe2 26.cxb6 axb6 27.Rxc6 Bxc6 28.Qxe2 Ba4
29.Qh5+ Kf8 30.Qf5+ Kg8 31.Qe6+ Kf8 32.Qf5+ Kg8 33.Qe6+ Kf8 34.Qf5+  1/2-1/2

[Event "REDA IM"]
[Site "Brno CZE"]
[Date "2006.07.06"]
[Round "8"]
[White "Porat,Dav"]
[Black "Cech,P"]
[Result "1/2-1/2"]
[WhiteElo "2206"]
[BlackElo "2416"]

1.d4 d5 2.c4 c6 3.Nf3 Nf6 4.Nc3 dxc4 5.a4 Bf5 6.Ne5 Nbd7 7.Nxc4 Qc7 8.g3 e5
9.dxe5 Nxe5 10.Bf4 Nfd7 11.Qc1 Bd6 12.Nxd6+ Qxd6 13.Bg2 O-O 14.O-O Rfe8 15.Rd1 Qb4
16.Bd2 Qc4 17.b4 a5 18.b5 Nc5 19.Qb2 Qb4 20.Qa2 Be6 21.Nd5 Qb3 22.Qxb3 Nxb3
23.Nc7 Nxa1 24.Nxa8 Rd8 25.Rxa1 Rxd2 26.f4  1/2-1/2

[Event "ch-SWE"]
[Site "Gothenburg SWE"]
[Date "2006.07.06"]
[Round "6"]
[White "Eriksson,Joh"]
[Black "Cramling,P"]
[Result "1/2-1/2"]
[WhiteElo "2403"]
[BlackElo "2521"]

1.d4 d5 2.c4 c6 3.Nf3 Nf6 4.Nc3 dxc4 5.a4 Bf5 6.Ne5 Nbd7 7.Nxc4 Qc7 8.g3 Rd8
9.Bf4 Qc8 10.Bg2 Nc5 11.O-O Bh3 12.Rc1 Bxg2 13.Kxg2 h5 14.h4 Ne6 15.Be5 Qd7
16.e3 Nd5 17.Qf3 f6 18.e4 Nb6 19.Nxb6 axb6 20.d5 fxe5 21.dxe6 Qxe6 22.Rfd1 Rd4
23.Qe3 Qd7 24.f4 e6 25.fxe5 Bc5 26.Qf3 Qf7  1/2-1/2

[Event "Open"]
[Site "Marseille FRA"]
[Date "2006.07.06"]
[Round "8"]
[White "Fridman,D2"]
[Black "Maze,S"]
[Result "1-0"]
[WhiteElo "2562"]
[BlackElo "2525"]

1.d4 d5 2.Nf3 Nf6 3.c4 c6 4.Nc3 dxc4 5.a4 Bf5 6.Ne5 Nbd7 7.Nxc4 Nb6 8.Ne5 Nfd7
9.e4 Nxe5 10.exf5 Ned7 11.a5 Nc8 12.a6 b6 13.d5 cxd5 14.Qxd5 Nd6 15.Nb5 Rc8
16.Be3 Nf6 17.Nxd6+ exd6 18.Bb5+ Nd7 19.O-O Be7 20.Qb7 Rc7 21.Rfc1 Rxb7 22.axb7 d5
23.Rc8 Bd6 24.Bf4  1-0

[Event "TESPO GM"]
[Site "Brno CZE"]
[Date "2006.07.08"]
[Round "10"]
[White "Bernasek,J"]
[Black "Porat,I"]
[Result "1-0"]
[WhiteElo "2452"]
[BlackElo "2346"]

1.d4 d5 2.c4 c6 3.Nf3 Nf6 4.Nc3 dxc4 5.a4 Bf5 6.Ne5 Nbd7 7.Nxc4 Qc7 8.g3 e5
9.dxe5 Nxe5 10.Bf4 Nfd7 11.Bg2 g5 12.Nxe5 gxf4 13.Nxd7 O-O-O 14.Qd4 Qxd7
15.Qxf4 Bd6 16.Qh6 Bf8 17.Qh4 Bd6 18.Qh6 Bf8 19.Qe3 Qd4 20.Qg5 Be6 21.Rd1 h6
22.Qc1 Qc4 23.Rxd8+ Kxd8 24.O-O Kc8 25.Rd1 Bb4 26.Rd3 a5 27.h4 Bf5 28.Rf3 Be6
29.Qe3 Bxc3 30.Rf4 Qb3 31.bxc3 Rd8 32.Kh2 Qc2 33.Qe5 Rd2 34.Bf3 Qc1 35.Bg4 Bxg4
36.Rxg4 Qe1 37.Rg8+ Kd7 38.Qf5+ Kc7 39.Qf4+ Kd7 40.Qf5+ Ke7 41.Rg7 Rd1 42.Rxf7+ Kd8
43.Qf6+ Kc8 44.Qh8+ Rd8 45.Qe5  1-0

[Event "Open"]
[Site "Condom FRA"]
[Date "2006.07.08"]
[Round "1"]
[White "Grigore,Ge"]
[Black "Knors,R"]
[Result "1-0"]
[WhiteElo "2472"]
[BlackElo "2076"]

1.d4 d5 2.c4 c6 3.Nf3 Nf6 4.Nc3 dxc4 5.a4 Bf5 6.Ne5 e6 7.f3 Bb4 8.e4 Bxe4
9.fxe4 Nxe4 10.Bd2 Qxd4 11.Nxe4 Qxe4+ 12.Qe2 Bxd2+ 13.Kxd2 Qd5+ 14.Kc2 Na6
15.Nxc4 O-O-O 16.Qe3 Qd4 17.Be2 Nb4+ 18.Kb3 Qxe3+ 19.Nxe3 Nd5 20.Nc4 Nf4
21.Rae1 f6 22.g3 Nxe2 23.Rxe2 e5 24.Kc3 Rd7 25.b4 Rhd8 26.b5 Kc7 27.Rc1 c5
28.a5 Rd3+ 29.Kb2 R3d4 30.Rec2 Ra8 31.Ne3 b6 32.Nc4 h5 33.Ra1 Rb8 34.axb6+ axb6
35.Kc3 h4 36.Rg2 hxg3 37.Rxg3 g5 38.Rh3 Rb7 39.Rh7+ Rd7 40.Rh6  1-0

[Event "SCCF State Championship"]
[Site "Los Angeles USA"]
[Date "2006.07.08"]
[Round "1"]
[White "Yanayt,E"]
[Black "Lakdawala,C"]
[Result "1/2-1/2"]
[WhiteElo "2275"]
[BlackElo "2440"]

1.d4 d5 2.c4 c6 3.Nf3 Nf6 4.Nc3 dxc4 5.a4 Bf5 6.Ne5 Na6 7.e3 Nb4 8.Bxc4 e6
9.O-O Bd6 10.Qe2 h6 11.e4 Bh7 12.Bf4 O-O 13.Rad1 Qc7 14.Bg3 Rae8 15.Kh1 Nd7
16.f4 Kh8 17.Qh5 Nf6 18.Qf3 Ng8 19.Bb3 f5 20.Nc4 Qb8 21.Nxd6 Qxd6 22.e5 Qd7
23.Be1 Ne7 24.a5 Ned5 25.Nxd5 Nxd5 26.Bxd5 cxd5  1/2-1/2

[Event "Open"]
[Site "Condom FRA"]
[Date "2006.07.10"]
[Round "4"]
[White "Sanchez,N"]
[Black "Marciniak,A"]
[Result "1/2-1/2"]
[WhiteElo "2188"]
[BlackElo "2215"]

1.d4 d5 2.Nf3 Nf6 3.c4 c6 4.Nc3 dxc4 5.a4 Bf5 6.Ne5 Nbd7 7.Nxc4 Nb6 8.Ne5 a5
9.Bg5 Nfd5 10.e4 Nxc3 11.bxc3 Bxe4  1/2-1/2

[Event "Open"]
[Site "Kavala GRE"]
[Date "2006.07.10"]
[Round "8"]
[White "Grigoriadis,A"]
[Black "Hajnal,Z"]
[Result "0-1"]
[WhiteElo "2214"]
[BlackElo "2430"]

1.Nf3 d5 2.d4 Nf6 3.c4 c6 4.Nc3 dxc4 5.a4 Bf5 6.Ne5 Nbd7 7.Nxc4 Nb6 8.Ne3 Bg6
9.g3 a5 10.Bg2 e6 11.O-O Bb4 12.Nc2 Bxc2 13.Qxc2 Qxd4 14.Be3 Qd8 15.Rfd1 Nbd7
16.Ne4 Nd5 17.Bc5 Bxc5 18.Nxc5 Nxc5 19.Qxc5 Qe7 20.Qd4 O-O 21.e4 e5 22.Qd2 Nb4
23.Qd7 Rfe8 24.Rac1 Rab8 25.Bf1 Kf8 26.Qf5 g6 27.Qh3 h5 28.Rd7 Qe6 29.Qxe6 Rxe6
30.Rcd1 Ke8 31.Bh3 Re7 32.Rxe7+ Kxe7 33.Rd7+ Ke8 34.f4 exf4 35.gxf4 Na6 36.e5 Nc5
37.Rc7 Rd8 38.Kf2 Rd4 39.Kg3 Rxa4 40.Rc8+ Ke7 41.Rc7+ Kf8 42.f5 gxf5 43.Bxf5 Rb4
44.Rc8+ Kg7 45.Rc7 Ne4+ 46.Kf4 Nd6+ 47.Kg5 Nxf5 48.Kxf5 Rxb2 49.e6 Rf2+ 50.Kg5 b5
51.exf7 Rxh2  0-1

[Event "Inautomarket Open"]
[Site "Minsk BLR"]
[Date "2006.07.10"]
[Round "1"]
[White "Zakharevich,I"]
[Black "Ipatov,A"]
[Result "0-1"]
[WhiteElo "2501"]
[BlackElo "2178"]

1.d4 d5 2.Nf3 Nf6 3.c4 c6 4.Nc3 dxc4 5.a4 Bf5 6.e3 e6 7.Bxc4 Nbd7 8.O-O Bb4
9.Qe2 Bg6 10.e4 O-O 11.Bd3 Bh5 12.e5 Nd5 13.Nxd5 cxd5 14.Qe3 h6 15.Ne1 Bg6
16.Bxg6 fxg6 17.Nd3 Qb6 18.a5 Qb5 19.Nf4 Rae8 20.Nxg6 Rf7 21.Qb3 Nb8 22.Be3 Nc6
23.a6 bxa6 24.Rfc1 Na5 25.Qa4 Nc4 26.Rc2 Nxe3 27.fxe3 Rf1+  0-1

[Event "COQ"]
[Site "Montreal CAN"]
[Date "2006.07.10"]
[Round "4"]
[White "Moiseenko,A1"]
[Black "Swathi,G"]
[Result "1-0"]
[WhiteElo "2649"]
[BlackElo "2379"]

1.d4 d5 2.c4 c6 3.Nc3 Nf6 4.Nf3 dxc4 5.a4 Bf5 6.Nh4 e6 7.Nxf5 exf5 8.e3 Bb4
9.Bxc4 O-O 10.O-O Nbd7 11.Qc2 g6 12.f3 Rc8 13.Kh1 c5 14.Ba2 Nb6 15.dxc5 Rxc5
16.e4 Qe7 17.Qb3 Ra5 18.Bh6 Rc8 19.exf5 Bxc3 20.bxc3 Rxf5 21.Rad1 Nfd5 22.a5 Nc4
23.Rfe1 Nce3 24.Rxd5 Rxd5 25.Rxe3 Qa3 26.h3 Qxb3 27.Bxb3 Rh5 28.Bf4 Rb5 29.c4 Rxa5
30.Re7 Rf5 31.Bg3 a5 32.Rxb7 a4 33.Ba2 Rd8 34.Ra7 Rd1+ 35.Kh2 Rd2 36.Rxa4 Rxf3
37.c5 Kg7 38.c6 f6 39.c7 Rc3 40.Rc4  1-0

[Event "ch-SWE"]
[Site "Gothenburg SWE"]
[Date "2006.07.11"]
[Round "10"]
[White "Agrest,E"]
[Black "Cramling,P"]
[Result "0-1"]
[WhiteElo "2569"]
[BlackElo "2521"]

1.d4 d5 2.Nf3 Nf6 3.c4 c6 4.Nc3 dxc4 5.a4 Bf5 6.Ne5 Nbd7 7.Nxc4 Nb6 8.Ne5 a5
9.e3 h6 10.g4 Bh7 11.Bg2 e6 12.h4 Nfd7 13.Nf3 Bb4 14.Qe2 Qe7 15.e4 e5 16.Nxe5 Nxe5
17.dxe5 Qxe5 18.Rh3 Nd7 19.f4 Qe7 20.f5 O-O-O 21.Bf4 Ne5 22.Kf1 f6 23.Rc1 Kb8
24.Na2 Bd6 25.b3 Rd7 26.Be3 Rhd8 27.Rc2 Bg8 28.Nc1 Bb4 29.Kf2 Rd1 30.Rh1 Nd3+
31.Nxd3 R1xd3 32.Rh3 Rxb3 33.g5 Rb1 34.gxf6 gxf6 35.Bf4+ Ka8 36.Rh1 Bc5+
37.Be3 Bxe3+ 38.Qxe3 Rb3 39.Qxh6 Qe5 40.Rhc1 Qd4+ 41.Kf1 Rd3 42.Qh5 Bb3 43.Rf2 Qe3  0-1

[Event "XXIV Andorra Open"]
[Site "Andorra la Vella AND"]
[Date "2006.07.12"]
[Round "5"]
[White "Damljanovic,B"]
[Black "Comas Fabrego,L"]
[Result "1/2-1/2"]
[WhiteElo "2625"]
[BlackElo "2495"]

1.d4 d5 2.c4 c6 3.Nf3 Nf6 4.Nc3 dxc4 5.a4 Bf5 6.e3 e6 7.Bxc4 Bb4 8.O-O Nbd7
9.Qe2 Bg6 10.e4 O-O 11.Bd3 Bh5 12.Bf4 Re8 13.e5 Nd5 14.Nxd5 cxd5 15.Kh1 Nb8
16.Rg1 Nc6 17.g4 Bg6 18.h4 Be7 19.h5 Bxd3 20.Qxd3 Nb4 21.Qb3 Qb6 22.Bd2 Rac8
23.Rgc1 Nc2 24.Qxb6 axb6 25.Rab1 Rc6 26.Bc3 Nb4 27.Ne1 Na2 28.Rc2 Rec8 29.Rd2 Bd8
30.Kg2 Nxc3 31.bxc3 Rxc3 32.Rdb2 R3c4 33.Ra2 Ra8 34.Kf3 Kf8 35.Ke3 Ke8 36.Nd3 Raxa4
37.Rxa4 Rxa4 38.Rb2 Ra3 39.f4 Kd7 40.Rb1 Ra2 41.Rb3 Rh2 42.Kf3 Ra2 43.Rb1 Ra3
44.Ke2 Bc7 45.Kd2 Ra4 46.Ke3 Ra3 47.Ke2 Bd8 48.Rb2 Kc8 49.Rb1 Kb8 50.Rb2 Ka7
51.Rb1 Ra4 52.Ke3 b5 53.Rxb5 Bb6 54.Rb4 Rxb4 55.Nxb4 Bd8 56.Nd3 b6 57.Kd2 Kb7
58.Kc3 Be7 59.g5 Kc6 60.Kb3 g6 61.h6 Kb5 62.Nf2 Kc6 63.Ng4 b5  1/2-1/2

[Event "Open"]
[Site "Condom FRA"]
[Date "2006.07.14"]
[Round "8"]
[White "Verduyn,F"]
[Black "Knors,R"]
[Result "1-0"]
[WhiteElo "2248"]
[BlackElo "2076"]

1.Nf3 d5 2.d4 Nf6 3.c4 c6 4.Nc3 dxc4 5.a4 Bf5 6.Nh4 e6 7.Nxf5 exf5 8.e3 Bd6
9.Bxc4 O-O 10.Qf3 g6 11.h3 Re8 12.g4 Qd7 13.Rg1 Kf8 14.gxf5 Qxf5 15.Qxf5 gxf5
16.e4 fxe4 17.Bh6+ Ke7 18.Rg7 Rf8 19.Bg5 Bb4 20.O-O-O Bxc3 21.bxc3 Nd7 22.Re1 Kd6
23.Bxf7 c5 24.d5 Kc7 25.Be6 Rad8 26.a5 b5 27.Bf4+ Kb7 28.Bd6 Rh8 29.Be7 Ne8
30.Rf7 Ne5 31.Bxd8+ Nxf7 32.Bxf7 Nd6 33.Bf6 Rf8 34.Be7  1-0

[Event "ch-SWE"]
[Site "Gothenburg SWE"]
[Date "2006.07.14"]
[Round "13"]
[White "Eriksson,Joh"]
[Black "Sagit,R"]
[Result "1-0"]
[WhiteElo "2403"]
[BlackElo "2265"]

1.d4 d5 2.c4 c6 3.Nf3 Nf6 4.Nc3 dxc4 5.a4 Bf5 6.Ne5 Nbd7 7.Nxc4 Nd5 8.Bg5 N7b6
9.e3 Be6 10.Nd2 Nxc3 11.bxc3 Qd5 12.Bh4 Qa5 13.Qc2 h5 14.h3 Nd5 15.Rc1 b5
16.axb5 cxb5 17.Nb3 Qb6 18.Nc5 a6 19.Qe4 Rc8 20.Bd3 Nf6 21.Qf4 Nd7 22.Nxe6 Qxe6
23.O-O g6 24.Qe4 Qxe4 25.Bxe4 Rc7 26.Ra1 f5 27.Bd5 Nb6 28.Be6 Rc6 29.d5 Rd6
30.Bg3 Na4 31.Bxd6 exd6 32.c4 Bg7 33.Ra3 Ke7 34.cxb5 axb5 35.Rb1 Nc3 36.Rbb3 Rb8
37.Ra7+ Kf8 38.Rf7+ Kg8 39.Rb7+  1-0

[Event "6th TCh-Euro u18 Girls"]
[Site "Balatonlelle HUN"]
[Date "2006.07.16"]
[Round "5"]
[White "Machalova,E"]
[Black "Craciun,P"]
[Result "0-1"]
[WhiteElo "2064"]
[BlackElo "2044"]

1.d4 d5 2.c4 c6 3.Nc3 Nf6 4.Nf3 dxc4 5.a4 Bf5 6.Ne5 e6 7.f3 Bb4 8.e4 Bg6
9.Nxc4 O-O 10.Be2 c5 11.Be3 cxd4 12.Bxd4 Nc6 13.Be3 Na5 14.Rc1 Qxd1+ 15.Kxd1 Nb3
16.Rb1 Rfd8+ 17.Kc2 Nd4+ 18.Bxd4 Rxd4 19.Nb5 Rdd8 20.Rhd1 a6 21.Nc3 Nd7 22.Na2 Be7
23.b4 b5 24.Na5 bxa4 25.Nc3 Nb6 26.Nc6 Re8 27.Nxe7+ Rxe7 28.Rd6 Rb8 29.Bxa6 Rc7
30.Kd2 Kf8 31.Bd3 Ke7 32.Nb5 Nc4+ 33.Bxc4 Rxc4 34.Rd4 Rxd4+ 35.Nxd4 Kd6 36.Nc2 f5
37.Ke3 fxe4 38.Rd1+ Ke5 39.f4+ Kf6 40.Ra1 Rc8 41.Ne1 Be8 42.Kxe4 Rc4+ 43.Ke3 Rxb4
44.Nc2 Rb2 45.Ne1 Bb5 46.h3 a3 47.Nf3 a2 48.Nd2 Bc6 49.Nc4 Rxg2 50.Nd2 Bd5
51.Ne4+ Kf5 52.Nc3 Rg3+ 53.Kd4 Rxh3 54.Nxd5 exd5 55.Rxa2 Kxf4  0-1

[Event "25th Open"]
[Site "St Veit AUT"]
[Date "2006.07.16"]
[Round "9"]
[White "Horvath,P1"]
[Black "Mussnig,M"]
[Result "1-0"]
[WhiteElo "2465"]
[BlackElo "2167"]

1.d4 d5 2.c4 c6 3.Nf3 Nf6 4.Nc3 dxc4 5.a4 Bf5 6.Ne5 Nbd7 7.Nxc4 Qc7 8.g3 e5
9.dxe5 Nxe5 10.Bf4 Nfd7 11.Bg2 g5 12.Bxe5 Nxe5 13.Qd4 f6 14.O-O-O Be7 15.Ne3 Bg6
16.Ne4 Rd8 17.Qc3 Qb6 18.Rxd8+ Kxd8 19.Rd1+ Kc8 20.Nd5 Qd8 21.Ndxf6 Qc7 22.Bh3+ g4
23.Nxg4 Bf5 24.Nxe5 Bxh3 25.g4 Re8 26.Qxh3 Qxe5 27.g5+ Kb8 28.Qg3 Qxg3 29.hxg3 Kc8
30.e3 Rf8 31.f4 Kc7 32.Rh1 Rf7 33.Nf6 Bxf6 34.gxf6 Kd6 35.e4 b5 36.e5+ Kd5
37.Rd1+ Kc4 38.e6 Rxf6 39.Re1 Rf8 40.e7  1-0

[Event "Canadian Open"]
[Site "Kitchener CAN"]
[Date "2006.07.21"]
[Round "7"]
[White "Kunte,A"]
[Black "Arencibia,W"]
[Result "1/2-1/2"]
[WhiteElo "2535"]
[BlackElo "2539"]

1.d4 d5 2.c4 c6 3.Nc3 Nf6 4.Nf3 dxc4 5.a4 Bf5 6.e3 e6 7.Bxc4 Bb4 8.Qe2 O-O
9.O-O Bg4 10.h3 Bxf3 11.Qxf3 Nbd7 12.Rd1 Rc8 13.Ne4 Nxe4 14.Qxe4 Qa5 15.Qc2 Nb6
16.Bd3 g6 17.Bd2  1/2-1/2

[Event "Canadian Open"]
[Site "Kitchener CAN"]
[Date "2006.07.21"]
[Round "7"]
[White "Gerzhoy,L"]
[Black "Peng,D"]
[Result "1-0"]
[WhiteElo "2386"]
[BlackElo "2170"]

1.Nf3 Nf6 2.c4 c6 3.Nc3 d5 4.d4 dxc4 5.a4 Bf5 6.e3 e6 7.Bxc4 Bb4 8.O-O Nbd7
9.Nh4 Bg6 10.h3 O-O 11.Nxg6 hxg6 12.Qc2 Qe7 13.a5 c5 14.Bd2 Rac8 15.Qb3 cxd4
16.exd4 Nb8 17.d5 exd5 18.Bxd5 Rfd8 19.Rfd1 Nc6 20.Bxc6 Rxc6 21.Re1 Qf8 22.Re2 Ra6
23.Ne4 Bxd2 24.Nxd2 Qc5 25.Nc4 Rd4 26.Ne5 Qd5 27.Qc2 Ne4 28.Qc8+ Kh7 29.Nf3 Rc4
30.Qb8 Rf6 31.Re3 Nd2 32.Ne5 Re4 33.Ng4 Ra6 34.Rxe4 Nxe4 35.Qf4 Nf6 36.Ne3 Qe4
37.Qc7 Qb4 38.Qxf7 Qxb2 39.Ra4 Nh5 40.Nd5 Qb1+ 41.Kh2 Qf5 42.Qxf5 gxf5 43.Rh4 Kg6
44.Ne7+ Kg5 45.Rb4 Rxa5 46.Rxb7 Ra2 47.g4 fxg4 48.Rb5+ Kf6 49.Nd5+ Kf7 50.hxg4 Nf6
51.Rb7+ Ke6 52.Nf4+ Ke5 53.Ng6+ Ke4 54.Kg3 Ra3+ 55.Kg2 Nxg4 56.f3+ Kf5 57.Ne7+ Kg5
58.Rb5+ Kh4 59.Ng6+  1-0

[Event "XLVIII TCh-POR"]
[Site "Evora POR"]
[Date "2006.07.22"]
[Round "1"]
[White "Fernandes,An"]
[Black "Zawadzki,S"]
[Result "1/2-1/2"]
[WhiteElo "2457"]
[BlackElo "2397"]

1.d4 d5 2.c4 c6 3.Nf3 Nf6 4.Nc3 dxc4 5.a4 Bf5 6.Ne5 Nd5 7.e3 Nd7 8.Nxd7 Qxd7
9.Bxc4 e6 10.O-O a5 11.Qe2 Bg6 12.e4 Nb6 13.Bd3 Be7 14.Be3 Nc8 15.Rad1 O-O
16.f4 f5 17.d5 exd5 18.exd5 Nd6 19.Kh1 Rfe8 20.Bd4 Bf7 21.Qf3 Bf8 22.Be5 cxd5
23.Nxd5 Qc6 24.Bb5 Nxb5 25.axb5 Bxd5 26.Rxd5 Qc4 27.Rfd1 Re7 28.h3 Rf7 29.Kh2 a4
30.R1d4 Qc8 31.Qd3 Qe6 32.Rd8 Rxd8 33.Rxd8 h6 34.Qc2 Kh7 35.Qxa4 Be7 36.Rd3 Bf6
37.Bxf6 Rxf6 38.Qd4 Qe2 39.Re3 Qxb5 40.Re7 Rg6 41.Qd2 Rb6 42.Re5  1/2-1/2

[Event "Sunny Pawn B"]
[Site "Illichevsk UKR"]
[Date "2006.07.22"]
[Round "3"]
[White "Garifulin,A"]
[Black "Makarov,V MDA"]
[Result "0-1"]
[WhiteElo "2291"]
[BlackElo "2272"]

1.d4 d5 2.c4 c6 3.Nc3 Nf6 4.Nf3 dxc4 5.a4 Bf5 6.e3 e6 7.Bxc4 Bb4 8.O-O Nbd7
9.Qe2 O-O 10.Rd1 Bg6 11.h3 Qe7 12.Nh4 Bh5 13.g4 Ne4 14.Ng2 Bg6 15.Na2 Ba5
16.f3 Nd6 17.Bb3 f5 18.Bd2 Bc7 19.Be1 Bf7 20.f4 Ne4 21.Nc3 Ndf6 22.Nxe4 Nxe4
23.Bc2 Qd7 24.Bxe4 fxe4 25.Rac1 a5 26.Rc3 Bb6 27.Rdc1 Be8 28.Rb3 Ra6 29.Bh4 Qd5
30.Rbc3 Ra8 31.Be7 Rf7 32.Bh4 Bd7 33.Qc4 Bc7 34.Qe2 Bd6 35.Qc4 g6 36.Be1 Rff8
37.R3c2 b5 38.Qxd5 exd5 39.Ra1 Rfb8 40.axb5 Rxb5 41.Bc3 a4 42.Kf2 Rb3 43.Ra2 Kf7
44.Ne1 Ke7 45.Rc1 a3 46.bxa3 Bxa3 47.Rcc2 Rab8 48.Ng2 h5 49.Kg3 R8b7 50.Nh4 Kf7
51.Ng2 c5 52.dxc5 Bxc5 53.Ra5 Bb5 54.gxh5 gxh5 55.Bd2 Bb6 56.Ra1 d4 57.Kf2 d3
58.Rca2 Rc7 59.Rc1 Rxc1 60.Bxc1 Rc3 61.Bd2 Rc2 62.Rxc2 dxc2 63.Ne1 Ba4 64.Bc1 Ke6
65.Kg3 Ba5 66.Ng2 Kf6 67.Kh4 Be8 68.Bb2+ Kf5 69.Bc1 Bc3 70.Kg3 Bb5 71.Kf2 Ke6
72.Nh4 Bd7 73.Kg2 Kd5 74.Ng6 Kc4 75.Ne5+ Bxe5 76.fxe5 Kd3 77.Kg3 Ke2 78.h4 Kd1
79.Bb2 c1=Q 80.Bxc1 Kxc1 81.Kf4 Bc6 82.Kg5 Be8 83.Kf4 Kd2 84.Kxe4 Ke2 85.e6 Kf2
86.Kf4 Ke2 87.e4 Kd3 88.e7 Kd4 89.Kf5 Kc5 90.Ke5 Kc6 91.Ke6 Kc7 92.Ke5 Kd7
93.Kf6 Kd6 94.Kf5 Kxe7 95.Ke5 Bd7 96.Kd5 Kf6 97.Kd6 Be6 98.Kc5 Ke5 99.Kb4 Kxe4
100.Kc3 Kf4 101.Kd4 Kg4 102.Ke3 Kxh4 103.Kf4 Bg4  0-1

[Event "Czech Open A"]
[Site "Pardubice CZE"]
[Date "2006.07.24"]
[Round "4"]
[White "Genutis,M"]
[Black "Drabke,L"]
[Result "1/2-1/2"]
[WhiteElo "2259"]
[BlackElo "2386"]

1.d4 d5 2.c4 c6 3.Nf3 Nf6 4.Nc3 dxc4 5.a4 Bf5 6.Ne5 Nbd7 7.Nxc4 Nb6 8.Ne5 e6
9.g3 Bb4 10.Bg2 a5 11.O-O O-O 12.Bg5 h6 13.Bxf6 Qxf6 14.Qb3 Qd8 15.e4 Bh7
16.Rad1 Qc7 17.f4 Rad8 18.g4 Nd7 19.Nc4 Nb6 20.Kh1 Nxc4 21.Qxc4 Kh8 22.Rf2 Rd7
23.e5 Rfd8 24.f5 Qb6 25.Ne2 exf5 26.gxf5 Bc5 27.e6 fxe6 28.fxe6 Rc7 29.Rdf1 Be7
30.Qc3 Qb4 31.Qg3 Qd6 32.Qg4 Bf6 33.Qf4  1/2-1/2

[Event "Czech Open A"]
[Site "Pardubice CZE"]
[Date "2006.07.24"]
[Round "4"]
[White "Zakhartsov,V"]
[Black "Jovanic,O"]
[Result "1-0"]
[WhiteElo "2548"]
[BlackElo "2464"]

1.d4 d5 2.c4 c6 3.Nf3 Nf6 4.Nc3 dxc4 5.a4 Bf5 6.Ne5 Nbd7 7.Nxc4 Qc7 8.g3 e5
9.dxe5 Nxe5 10.Bf4 Nfd7 11.Qc1 Be6 12.Nxe5 Nxe5 13.Bg2 Qa5 14.O-O Be7 15.Ne4 O-O
16.Bd2 Qc7 17.Bc3 f6 18.b4 a5 19.bxa5 Nc4 20.Nd2 Nxa5 21.Qc2 Rfd8 22.Be4 h6
23.Rfb1 b6 24.Nf3 Nc4 25.Nd4 Bd5 26.Bxd5+ Rxd5 27.e4 Rc5 28.Ne6 Qd7 29.Nxc5 Bxc5
30.Bb4 Ne5 31.Bxc5 bxc5 32.Kg2 Qg4 33.Qb3+ c4 34.Qe3 Ra5 35.h3 Qd7 36.Qc3 Rc5
37.a5 Nd3 38.a6 Rh5 39.Qxc4+ Kh7 40.Rh1 Rc5 41.Qxc5 Nxc5 42.a7 Nxe4 43.a8=Q Qd5
44.Qa2  1-0

[Event "Dutch Open"]
[Site "Dieren NED"]
[Date "2006.07.25"]
[Round "1"]
[White "Ernst,S"]
[Black "Beeke,B"]
[Result "1-0"]
[WhiteElo "2504"]
[BlackElo "2166"]

1.Nf3 d5 2.d4 Nf6 3.c4 c6 4.Nc3 dxc4 5.a4 Bf5 6.e3 e6 7.Bxc4 Bb4 8.O-O Nbd7
9.h3 O-O 10.Nh4 Qa5 11.Na2 Bd6 12.b4 Qc7 13.Nxf5 exf5 14.Qf3 g6 15.b5 c5
16.Bb2 cxd4 17.Rac1 Ne5 18.Qe2 Qa5 19.Bxd4 Qxa4 20.f4 Ned7 21.Nc3 Qa5 22.Nd5 Qd8
23.Rfd1 Ne4 24.Ba1 Ba3 25.Rb1 Qh4 26.Rb3 Nb6 27.Rxa3 Nxc4 28.Qxc4  1-0

[Event "Czech Open A"]
[Site "Pardubice CZE"]
[Date "2006.07.25"]
[Round "5"]
[White "Biriukov,O"]
[Black "Abel,D"]
[Result "1/2-1/2"]
[WhiteElo "2404"]
[BlackElo "2302"]

1.Nf3 Nf6 2.c4 c6 3.d4 d5 4.Nc3 dxc4 5.a4 Bf5 6.Ne5 e6 7.f3 Bb4 8.e4 Bxe4
9.fxe4 Nxe4 10.Bd2 Qxd4 11.Nxe4 Qxe4+ 12.Qe2 Bxd2+ 13.Kxd2 Qd5+ 14.Kc2 Na6
15.Nxc4 O-O 16.Qf3 Rfd8 17.Be2 Qg5 18.Rhf1 Qg6+ 19.Kc3 f5  1/2-1/2

[Event "10th Battle of Senta 1697 Open"]
[Site "Senta SCG"]
[Date "2006.07.25"]
[Round "6"]
[White "Ristic,Neb2"]
[Black "Nadj Hedjesi,B"]
[Result "0-1"]
[WhiteElo "2263"]
[BlackElo "2311"]

1.d4 d5 2.c4 c6 3.Nf3 Nf6 4.Nc3 dxc4 5.a4 Bf5 6.Ne5 Nbd7 7.Nxc4 Nb6 8.Ne3 Be6
9.a5 Nc4 10.Nxc4 Bxc4 11.Qa4 Ba6 12.e4 Bxf1 13.Rxf1 e6 14.h3 Be7 15.Be3 O-O
16.g4 b5 17.axb6 Qxb6 18.Ra2 Bb4 19.Qc2 a5 20.g5 Nd7 21.Ke2 f5 22.gxf6 Nxf6
23.Rg1 Rad8 24.e5 Nd5 25.Nxd5 cxd5 26.Rc1 Qb5+ 27.Qd3 Qe8 28.Qa6 Qh5+ 29.Kd3 Qf5+
30.Ke2 Ra8 31.Qc6 Ra7 32.Raa1 Raf7 33.f4 Qh5+ 34.Kd3 Qg6+ 35.Ke2 Qg2+ 36.Kd3 Qe4+
37.Ke2 Rxf4 38.Qxe6+ Kh8 39.Rc8 Qg2+ 40.Kd3 Rxd4+ 41.Bxd4 Qe4+  0-1

[Event "32nd Open"]
[Site "Sitges ESP"]
[Date "2006.07.25"]
[Round "5"]
[White "Cruz,Cr"]
[Black "Neelotpal,D"]
[Result "0-1"]
[WhiteElo "2284"]
[BlackElo "2490"]

1.d4 Nf6 2.c4 c6 3.Nc3 d5 4.Nf3 dxc4 5.a4 Bf5 6.e3 e6 7.Bxc4 Bb4 8.O-O O-O
9.Nh4 Bg6 10.Nxg6 hxg6 11.Qe2 Nbd7 12.Rd1 Qa5 13.Bd2 Rfd8 14.Rac1 Nb6 15.Bb3 Rd7
16.Na2 Bxd2 17.Rc5 Qa6 18.Qxa6 bxa6 19.Rxd2 Ne4 20.Rdc2 Nxc5 21.Rxc5 Rd6
22.Nb4 Rc8 23.Nxa6 Nd7 24.Ra5 c5 25.dxc5 Rb6 26.Bc4 Rxb2 27.h3 Ne5 28.Bf1 Nc6
29.Rb5 Ra2 30.Rb7 Rxa4 31.Kh2 g5 32.Rd7 Nb4 33.Rxa7 Rxc5 34.Nxc5 Rxa7 35.Ne4 Ra5
36.Bc4 Nc6 37.Bf1 Nb8 38.Ng3 Nd7 39.Ne4 Kf8 40.Be2 Ke7 41.Bf3 Re5 42.Nd2 f5
43.Bc6 Nf6 44.Bf3 Rc5 45.Nf1 Rc2 46.Kg1 e5 47.Bd1 Rc1 48.Bf3 e4 49.Be2 Nd5  0-1